Tratado práctico de carpintería / (Record no. 29129)

MARC details
000 -LEADER
campo de control de longitud fija 00609nam a2200193 i 4500
001 - NÚMERO DE CONTROL
campo de control 29129
003 - IDENTIFICADOR DE NÚMERO DE CONTROL
campo de control ES-MaACL
005 - FECHA Y HORA DE LA ÚLTIMA TRANSACCIÓN
campo de control 20250816090435.0
007 - CAMPO FIJO DE DESCRIPCIÓN FÍSICA--INFORMACIÓN GENERAL
campo de control de longitud fija t|
008 - DATOS DE LONGITUD FIJA--INFORMACIÓN GENERAL
campo de control de longitud fija 030121s1926 sp ||||1| spa d
100 1# - ENTRADA PRINCIPAL--NOMBRE DE PERSONA
Nombre de persona Barberot, E.
9 (RLIN) 25446
245 10 - MENCIÓN DEL TÍTULO
Título Tratado práctico de carpintería /
Mención de responsabilidad, etc. por E. Barberot ; versión de Carlos Murciano.
260 ## - PUBLICACIÓN, DISTRIBUCIÓN, ETC.
Lugar de publicación, distribución, etc. Barcelona :
Nombre del editor, distribuidor, etc. Gustavo Gili,
Fecha de publicación, distribución, etc. 1926 (
Fabricante Guniart y Pujolar)
300 ## - DESCRIPCIÓN FÍSICA
Extensión 831 p. :
Otras características físicas il. ;
Dimensiones 25 cm.
650 07 - PUNTO DE ACCESO ADICIONAL DE MATERIA--TÉRMINO DE MATERIA
Término de materia o nombre geográfico como elemento de entrada Carpintería
Fuente del encabezamiento o término embne
9 (RLIN) 10790
700 1# - ENTRADA AGREGADA--NOMBRE PERSONAL
Nombre de persona Murciano, Carlos,
Fechas asociadas al nombre 1931-
9 (RLIN) 153351
852 ## - LOCALIZACIÓN
Ubicación ES-MaACL
Número de control de estantería A-2936
Holdings
Estatus retirado Estado de pérdida Estado de daño No para préstamo Biblioteca de origen Biblioteca actual Ubicación en estantería Fecha de adquisición Fuente de adquisición Total de préstamos Signatura topográfica completa Código de barras Visto por última vez Precio de reemplazo Tipo de ítem Koha
        Biblioteca del Ateneo de Madrid Biblioteca del Ateneo de Madrid Sala Pecera Planta 1 17/01/2008     A-2936 1030072 23/02/2023 23/02/2023 Libro impreso